Statistics for Most Followed "Lil" Rappers On Spotify

Click here to take the quiz!

General Stats

  • This quiz has been taken 121 times
  • The average score is 9 of 20

Answer Stats

RankFollowersRapper% Correct
125,300,000Lil Uzi Vert
83%
421,200,000Lil Wayne
80%
615,100,000Lil Pump
74%
321,400,000Lil Baby
71%
1010,200,000Lil Peep
65%
520,500,000Lil Mosey
51%
812,500,000Lil Yachty
50%
144,000,000Lil Xan
50%
713,800,000Lil Tecca
49%
118,400,000Lil Skies
46%
910,500,000Lil Tjay
44%
163,000,000Lil Durk
43%
126,600,000Lil Dicky
39%
135,100,000Lil Jon
36%
224,200,000Lil Nas X
32%
153,700,000Lil' Kim
21%
172,600,000Lil Tracy
20%
20800,000Lil Loaded
20%
19900,000Lil Gotit
7%
18900,000Lil Kapow
5%

Score Distribution

Percentile by Number Answered

Percent of People with Each Score

Your Score History

You have not taken this quiz